Systemanalyse 1 : Lineare Systeme

Gespeichert in:
Bibliographische Detailangaben
Hauptverfasser: Wunsch, Gerhard (Verfasst von), Schreiber, Helmut (Verfasst von)
Format: Buch
Sprache:Deutsch
Veröffentlicht: Berlin : Technik, 1972
Ausgabe:3. bearb.Aufl.
Tags: Tag hinzufügen
Keine Tags, Fügen Sie das erste Tag hinzu!

MARC

LEADER 00000nam a22000003a 4500
001 stu219163
005 20150617230119.3
008 101209s1972----ge------------------ger-d
040 |a STU  |b slo 
041 0 |a ger 
044 |a ge 
080 |a 621.39-501 
080 |a 517.5 
100 1 |a Wunsch, Gerhard  |4 aut 
245 1 |a Systemanalyse 1 :  |b Lineare Systeme 
250 |a 3. bearb.Aufl. 
260 |a Berlin :  |b Technik,  |c 1972 
300 |a 264 s 
700 1 |a Schreiber, Helmut  |4 aut 
996 |b E40684  |c E*40684  |l EE03  |s P  |a 0  |w stu219163_0001